02765nam a2200349 a 4500008004100000050001200041110004100053245008300094260002400177300001000201350000900211490002600220500009700246650002300343650001400366650004400380995015400424995015400578995015400732995015400886995015401040995015401194995015401348999001701502952012801519952012801647952012801775952012801903952012802031952012802159952012802287100212s1990 ||||||||||||||||| || u aEIU(08) aThe Economist Intelligence Unit(EIU)10aZambia country report: analysis of economic and political trends every quarter aLondon:bEIUc1990- avols. a0.00 aZambia Country Report aHoldings: no.1, 1990; no.3, 1990; no.4, 1990; no.2, 1991; no.4, 1991; no.2, 1992; no.3, 1992 aPOLITICAL ANALYSIS 0aECONOMICS aECONOMIC ANALYSIS--DEVELOPING COUNTRIES aSPECIAL COLLECTIONSD0.00e03005889FCBU-MAIN LIBRARY (Kitwe)H1I0.00jEIU(08)ZCP/1990/1M1UAVAILABLEWFeb 12, 2010yZ03005889ZZambiana Collection aSPECIAL COLLECTIONSD0.00e03005890FCBU-MAIN LIBRARY (Kitwe)H1I0.00jEIU(08)ZCP/1990/3M2UAVAILABLEWFeb 12, 2010yZ03005890ZZambiana Collection aSPECIAL COLLECTIONSD0.00e03005893FCBU-MAIN LIBRARY (Kitwe)H1I0.00jEIU(08)ZCP/1992/2M5UAVAILABLEWFeb 12, 2010yZ03005893ZZambiana Collection aSPECIAL COLLECTIONSD0.00e03005895FCBU-MAIN LIBRARY (Kitwe)H1I0.00jEIU(08)ZCP/1991/4M7UAVAILABLEWFeb 12, 2010yZ03005895ZZambiana Collection aSPECIAL COLLECTIONSD0.00e03005892FCBU-MAIN LIBRARY (Kitwe)H1I0.00jEIU(08)ZCP/1991/2M4UAVAILABLEWFeb 12, 2010yZ03005892ZZambiana Collection aSPECIAL COLLECTIONSD0.00e03005894FCBU-MAIN LIBRARY (Kitwe)H1I0.00jEIU(08)ZCP/1992/3M6UAVAILABLEWFeb 12, 2010yZ03005894ZZambiana Collection aSPECIAL COLLECTIONSD0.00e03005891FCBU-MAIN LIBRARY (Kitwe)H1I0.00jEIU(08)ZCP/1990/4M3UAVAILABLEWFeb 12, 2010yZ03005891ZZambiana Collection c83383d83383 00102lcc4070a001b001cZambiana Collectiond2023-10-30l0oEIU(08)ZCP/1990/1pZ03005889r2023-10-30t1w2023-10-30y023 00102lcc4070a001b001cZambiana Collectiond2023-10-30l0oEIU(08)ZCP/1990/3pZ03005890r2023-10-30t2w2023-10-30y023 00102lcc4070a001b001cZambiana Collectiond2023-10-30l0oEIU(08)ZCP/1992/2pZ03005893r2023-10-30t3w2023-10-30y023 00102lcc4070a001b001cZambiana Collectiond2023-10-30l0oEIU(08)ZCP/1991/4pZ03005895r2023-10-30t4w2023-10-30y023 00102lcc4070a001b001cZambiana Collectiond2023-10-30l0oEIU(08)ZCP/1991/2pZ03005892r2023-10-30t5w2023-10-30y023 00102lcc4070a001b001cZambiana Collectiond2023-10-30l0oEIU(08)ZCP/1992/3pZ03005894r2023-10-30t6w2023-10-30y023 00102lcc4070a001b001cZambiana Collectiond2023-10-30l0oEIU(08)ZCP/1990/4pZ03005891r2023-10-30t7w2023-10-30y023